| 000 | 00997nam a2200217Ia 4500 | ||
|---|---|---|---|
| 003 | Ost | ||
| 005 | 20260507075014.0 | ||
| 008 | 260507s9999||||xx |||||||||||||| ||und|| | ||
| 040 | _cfsecg | ||
| 041 | _aara | ||
| 082 | _a510 | ||
| 100 |
_aرشيد، محمد حسين _eمؤلف |
||
| 245 | 0 |
_aالرياضيات : _bلطلبة تكنولوجيا المعلومات والمكتبات والعلوم الهندسية / _c محمد حسين رشيد |
|
| 260 |
_aعمان: _bدار صفاء للنشر والتوزيع, _c2003 |
||
| 300 |
_a302 صفحة؛ _c24 سم |
||
| 520 | _aالإحداثيات-المنحنيات-المستقيمات-الإحترافات والنهايات-الإشتقاق-تطبيقات الإشتقاق-التكامل-تطبيقات على التكامل المحدود | ||
| 653 | _aالرياضيات | ||
| 700 |
_aالراعوش، م.وائل طه _eمؤلف ثانوي |
||
| 700 |
_aمقبل، يزن ابراهيم _eمؤلف ثانوي |
||
| 942 | _cكتاب | ||
| 999 |
_c42191 _d42191 |
||